000 00792nam a2200241 i 4500
001 bg
100 1 _aWASILCZUK, Julita E.
245 1 0 _aWzrost małych i średnich przedsiębiorstw :
_baspekty teoretyczne i badania empiryczne /
_cJulita E. Wasilczuk.
260 _aGdańsk :
_bWydaw. PG,
_c2005.
300 _a198 s. :
_bwykr. ;
_c24 cm.
490 1 _aMonografie / Politechnika Gdańska ;
_v56
500 _aStreszcz. pol., ang.
504 _aBibliogr.
650 9 _aPrzedsiębiorstwa małe i średnie
_xbadanie
_zPolska
_yod 1989 r.
830 0 _aMonografie (Politechnika Gdańska) ;
_v56
020 _a8373481176
040 _cBPK
041 0 _apol
_beng
080 _a658.114(438)"1989/..."
920 _a83-7348-117-6
942 _cKS
008 s pl f |000 0 pol
999 _c46421
_d46421
856 _uhttp://koha.tu.koszalin.pl/cgi-bin/koha/opac-detail.pl?biblionumber=46421
_yKatalog online BPK